Духовность и нравственность в образовательном пространстве: историческая память и самосознание народа (Запись № 12580422)

Подробности
000 -МАРКЕР
контрольное поле 02315nam0a2200349 4500
001 - ИДЕНТИФИКАТОР ЗАПИСИ
контрольное поле RU\NLR\BIBL_A\012600427
005 - ИДЕНТИФИКАТОР ВЕРСИИ
контрольное поле 20260409075553.0
010 ## - МЕЖДУНАРОДНЫЙ СТАНДАРТНЫЙ НОМЕР КНИГИ (ISBN)
Номер (ISBN) 9785604455395
Тираж 100
021 ## - НОМЕР ГОСУДАРСТВЕННОЙ РЕГИСТРАЦИИ
Код страны российская федерация
Номер 2021-34390
Номер Листа государственной регистраци КН-П-2686
035 ## - ДРУГИЕ СИСТЕМНЫЕ НОМЕРА
Идентификатор записи (NLR Aleph) 012600427
100 ## - ДАННЫЕ ОБЩЕЙ ОБРАБОТКИ
Данные общей обработки 20210923d2020 k y0rusy50 ca
101 0# - ЯЗЫК РЕСУРСА
Язык текста, звукозаписи и т.д. русский
102 ## - СТРАНА ПУБЛИКАЦИИ ИЛИ ПРОИЗВОДСТВА
Страна публикации российская федерация
105 ## - ПОЛЕ КОДИРОВАННЫХ ДАННЫХ: ТЕКСТОВЫЕ МАТЕРИАЛЫ, МОНОГРАФИЧЕСКИЕ
Кодированные данные о монографическом текстовом документе a|||z|||100zy
181 #0 - ПОЛЕ КОДИРОВАННЫХ ДАННЫХ: ВИД СОДЕРЖАНИЯ
Код вида содержания (ISBD) i3
Код характеристики содержания (ISBD) axxe
182 #0 - ПОЛЕ КОДИРОВАННЫХ ДАННЫХ: ТИП СРЕДСТВА
Код типа средства (ISBD) n - непосредственное
200 1# - ЗАГЛАВИЕ И СВЕДЕНИЯ ОБ ОТВЕТСТВЕННОСТИ
Основное заглавие Духовность и нравственность в образовательном пространстве: историческая память и самосознание народа
Сведения, относящиеся к заглавию материалы Всероссийской научной конференции IX Сильвестровские педагогические чтения, 26 марта 2020 года
Первые сведения об ответственности Министерство образования и науки РФ, Филиал ФГБОУ ВО "Омский государственный педагогический университет" в г. Таре [и др.]
Последующие сведения об ответственности ответственный редактор: О. Р. Каюмов, д.ф.-м.н., доцент
203 ## - ВИД СОДЕРЖАНИЯ И ТИП СРЕДСТВА
Вид содержания Текст
Дополнительные сведения об издании визуальный
Тип средства непосредственный
210 ## - ПУБЛИКАЦИЯ, РАСПРОСТРАНЕНИЕ И ДР.
Место издания, распространения и т.д. Тара
-- Омск
Имя издателя, распространителя и т. д. Амфора
Дата издания, распространения и т.д. 2020
215 ## - ФИЗИЧЕСКАЯ ХАРАКТЕРИСТИКА
Специфическое обозначение материала и объем 209, [1] с.
Другие сведения о физической характеристике табл.
Размеры 21
320 ## - ПРИМЕЧАНИЯ О НАЛИЧИИ В ДОКУМЕНТЕ БИБЛИОГРАФИИ / УКАЗАТЕЛЯ
Текст примечания Библиогр. в конце ст.
606 ## - НАИМЕНОВАНИЕ ТЕМЫ КАК ПРЕДМЕТ
Наименование темы Учащиеся
Тематический подзаголовок Духовно-нравственное воспитание
Формальный подзаголовок Съезды, совещания и т.п
Идентификатор авторитетной/нормативной записи RU\NLR\AUTH\661472162
Системный номер авторитетной/нормативной записи 2479757
686 1# - ИНДЕКСЫ ДРУГИХ КЛАССИФИКАЦИЙ
Индекс Ч313.52я431
702 #1 - ИМЯ ЛИЦА - ВТОРИЧНАЯ ОТВЕТСТВЕННОСТЬ
Код отношения Редактор
Начальный элемент ввода Каюмов
Часть имени, кроме начального элемента ввода О. Р.
Дополнения к именам, кроме дат д-р физ.-мат. наук, математика, экономика
Расширение инициалов личного имени Олег Рашидович
Системный номер авторитетной/нормативной записи 153389
Идентификатор авторитетной/нормативной записи RU\NLR\AUTH\770153427
711 12 - НАИМЕНОВАНИЕ ОРГАНИЗАЦИИ - АЛЬТЕРНАТИВНАЯ ОТВЕТСТВЕННОСТЬ
Начальный элемент ввода Сильвестровские педагогические чтения
Порядковый номер временной организации и / или порядковый номер ее части 9
Место проведения временной организации Тара
Дата проведения временной организации 2020
Системный номер авторитетной/нормативной записи 770027
Идентификатор авторитетной/нормативной записи RU\NLR\AUTH\880551927
712 02 - НАИМЕНОВАНИЕ ОРГАНИЗАЦИИ - ВТОРИЧНАЯ ОТВЕТСТВЕННОСТЬ
Код отношения Прочие
Начальный элемент ввода Омский государственный педагогический университет
Структурное подразделение Тарский филиал
Идентификатор авторитетной/нормативной записи RU\NLR\AUTH\8810055371
Системный номер авторитетной/нормативной записи 611303
942 ## - ДОПОЛНИТЕЛЬНЫЕ ЭЛЕМЕНТЫ ЗАПИСИ (АБИС)
Тип экземпляра АБИС Книга
980 ## - КОЛЛЕКЦИЯ
Название коллекции НБР

Нет доступных экземпляров.